000
00241nam a2200097Ia 4500
001
977366
005
20250826220725.0
008
250824s9999 xx 000 0 und d
245
0
_a
EVLİYA VE EŞKİYA
_c
UĞUR KOŞAR
260
_b
DESTEK YAYINLARI
999
_c
977366
_d
977366